000 00540nam a2200193 i 4500
001 78719
003 ES-MaACL
005 20250929063132.0
007 t|
008 041015s1932 sp ||||1| spa d
100 1 _aHédon, Emmanuel,
_d1863-1933
_962302
245 1 0 _aCompendio de Fisiología /
_cpor E. Hedon.
250 _a10ª ed. rev., corr. y aum.
260 _aBarcelona :
_bSalvat,
_c1932.
300 _aVII, 845 p. ;
_c21 cm.
650 4 _aFisiología.
_9136120
852 _aES-MaACL
_jE-470
999 _c78719
_d78719